00983nam a22002657a 4500003000500000005001700005008004100022010001100063011001100074035001100085040000900096100002900105245013800134260004000272500006000312502008200372650002800454650002600482650003400508650004200542650002100584650003200605856006400637856001600701CHAP20220817044449.0110803s2011 mx r 00010 spa d a101706 a102678 a113367 cCHAP1 aBlancas Espejel, Beatriz10aPropuesta de plan de manejo de recursos naturales para la Microcuenca de SUNUAPA, Chiapash[En línea]c/por Beatriz Blancas Espejel aChapingo, Méx. :bEl autor,c2011 aPara ver el contenido del material haga clic en la liga aTesis (Ing. en Recursos Naturales Renovables) -- UACH. Departamento de Suelos14aCuencas hidrológicas.14aFotointerpretación.14aLevantamiento fisiográfico.14aRecursos naturalesxAdministración.14aSuelosxChiapas.14aZonificación ecológica. 3Finding aiduhttp://10.13.5.2/tesis/113367.pdfzTeclea aqui a1 n0000962